[Event "SR 2. liga A 2004/2005"]
[Site "?"]
[Date "2005.02.06"]
[Round "9.4"]
[White "Bronis, Marian"]
[Black "Nicolini, Alexander"]
[Result "0-1"]
[WhiteElo "2161"]
[BlackElo "2121"]
[PlyCount "187"]
[EventDate "2004.??.??"]

1. d4 f5 2. g3 Nf6 3. Bg2 g6 4. c3 c6 5. Bg5 Bg7 6. Nd2 d5 7. Nh3 Qb6 8. Qb3
Be6 9. Nf4 Bf7 10. Nd3 Nbd7 11. Bxf6 Bxf6 12. f4 g5 13. Nf3 h6 14. Nfe5 Nxe5
15. fxe5 Bg7 16. Bh3 e6 17. e3 Qxb3 18. axb3 b6 19. Ra6 Ke7 20. Kd2 Rhc8 21.
Rha1 Rc7 22. Rxb6 axb6 23. Rxa8 Rb7 24. Bf1 Be8 25. Nb4 c5 26. Ba6 Rc7 27. Nd3
h5 28. Rb8 cxd4 29. exd4 b5 30. Bxb5 Bxb5 31. Rxb5 Bh6 32. Rb8 Kf7 33. Nc5 h4
34. Ke2 hxg3 35. hxg3 g4 36. Rh8 Bg7 37. Rh7 Ra7 38. Na4 Kg6 39. Rh1 Bh6 40.
Nc5 Ra2 41. Rb1 f4 42. Nxe6 f3+ 43. Kf1 Kf5 44. Nc7 Ke4 45. e6 Bg5 46. b4 Bd8
47. b5 Bxc7 48. e7 Ra8 49. Re1+ Kf5 50. e8=Q Rxe8 51. Rxe8 Bxg3 52. b6 Bh2 53.
Kf2 Kf4 54. Rf8+ Ke4 55. Rg8 g3+ 56. Rxg3 Bxg3+ 57. Kxg3 Ke3 58. b7 f2 59. b8=Q
f1=Q 60. Qe5+ Kd3 61. Qxd5 Qe1+ 62. Kg4 Qg1+ 63. Kf4 Qh2+ 64. Kf5 Qxb2 65. Qf3+
Kc4 66. Qc6+ Kd3 67. d5 Qf2+ 68. Ke6 Qg2 69. c4 Kd4 70. c5 Qg8+ 71. Kd7 Qf7+
72. Kd6 Qf8+ 73. Kc7 Qe7+ 74. Kb6 Qd8+ 75. Kb5 Qb8+ 76. Qb6 Qe8+ 77. Qc6 Qb8+
78. Ka6 Qb3 79. d6 Qa2+ 80. Kb7 Qf7+ 81. d7 Qb3+ 82. Kc7 Qf7 83. Kb7 Qe7 84.
Qc7 Qe4+ 85. Kc8 Qf5 86. Qd6+ Kc4 87. c6 Kb5 88. Kc7 Qf7 89. Kc8 Qf5 90. Kb8
Ka6 91. Kc8 Qg4 92. Qa3+ Kb6 93. Qb3+ Ka6 94. Qa3+ {
Biely prehral na cas (3 hod, cierny mal este cca 10 sec)} 0-1

[Event "SR 2. liga A 2004/2005"]
[Site "?"]
[Date "2005.02.06"]
[Round "9.4"]
[White "Hecko, Dusan"]
[Black "Vrba, Michal"]
[Result "1-0"]
[WhiteElo "2137"]
[BlackElo "1879"]
[PlyCount "57"]
[EventDate "2004.??.??"]

1. e4 d5 2. exd5 Qxd5 3. Nc3 Qa5 4. d4 c6 5. Nf3 Nf6 6. Ne5 Bf5 7. Bc4 e6 8.
O-O Nbd7 9. Nxd7 Nxd7 10. Qe2 O-O-O 11. Be3 Qc7 12. Rad1 Bd6 13. h3 Nf6 14. a3
h5 15. Bg5 Rdg8 16. Bd3 Bxd3 17. Rxd3 Qa5 18. Bxf6 gxf6 19. Ne4 Bb8 20. b4 Qc7
21. f4 Rg6 22. b5 Rhg8 23. Rf2 f5 24. Nc5 cxb5 25. Rc3 Qa5 26. Qf3 Bc7 27.
Qxb7+ Kd8 28. Qc6 Ke7 29. Nb7 1-0

[Event "SR 2. liga A 2004/2005"]
[Site "?"]
[Date "2005.02.06"]
[Round "9.4"]
[White "Lahucky, Pavol"]
[Black "Lauf, Pavol"]
[Result "1-0"]
[WhiteElo "2089"]
[BlackElo "2120"]
[PlyCount "83"]
[EventDate "2004.??.??"]

1. c4 Nf6 2. Nc3 g6 3. e4 d6 4. d3 Bg7 5. Be2 c5 6. Bg5 Nc6 7. Qd2 Bd7 8. Nf3
O-O 9. h4 Ne8 10. h5 f6 11. Be3 Ne5 12. Nxe5 fxe5 13. hxg6 hxg6 14. O-O-O e6
15. Rh2 Bf6 16. Rdh1 Rf7 17. Rh6 Rg7 18. Rh8+ Kf7 19. R1h6 Bc6 20. Bf3 Rc8 21.
Kb1 Qd7 22. Bg4 Nc7 23. Bg5 Rxh8 24. Rxh8 Qe7 25. Bh6 Rg8 26. Rh7+ Bg7 27. Bg5
Qf8 28. Rh3 Ne8 29. Nd5 exd5 30. exd5 Nf6 31. Be6+ Ke8 32. dxc6 bxc6 33. Bxg8
Qxg8 34. Qa5 Kd7 35. Qxa7+ Ke6 36. Bxf6 Bxf6 37. Rh7 Kf5 38. Qd7+ Kg5 39. f3
Bd8 40. Rg7 Qf8 41. Qg4+ Kh6 42. Qxg6# 1-0

[Event "SR 2. liga A 2004/2005"]
[Site "?"]
[Date "2005.02.06"]
[Round "9.4"]
[White "Novak, Stanislav"]
[Black "Szollos, Ondrej"]
[Result "1-0"]
[WhiteElo "2055"]
[BlackElo "2101"]
[PlyCount "51"]
[EventDate "2004.??.??"]

1. e4 d6 2. d4 c6 3. Bd3 Qc7 4. f4 e5 5. c3 Nf6 6. Nf3 Bg4 7. fxe5 dxe5 8. O-O
Nbd7 9. Nbd2 Be7 10. Qe1 Bd6 11. Nc4 Bxf3 12. Rxf3 O-O-O 13. a4 h6 14. h3 Nf8
15. Be3 Ne6 16. Qf2 c5 17. d5 Ng5 18. Rxf6 gxf6 19. Nxd6+ Rxd6 20. Bxc5 Rg8 21.
Kh1 Kd8 22. Bxd6 Qxd6 23. h4 Nh7 24. Qxa7 Ke7 25. a5 f5 26. Ra4 1-0

[Event "SR 2. liga A 2004/2005"]
[Site "?"]
[Date "2005.02.06"]
[Round "9.4"]
[White "Petenyi, Tamas"]
[Black "Breja, Stanislav"]
[Result "0-1"]
[WhiteElo "2037"]
[BlackElo "2131"]
[PlyCount "89"]
[EventDate "2004.??.??"]

1. e4 c5 2. c3 d6 3. d4 cxd4 4. cxd4 g6 5. Nf3 Bg7 6. Nc3 Nc6 7. d5 Nb8 8. Be3
Nd7 9. Rc1 a6 10. b4 Ngf6 11. a4 O-O 12. Be2 a5 13. Qb3 Ng4 14. Bd4 Nge5 15.
Nxe5 Nxe5 16. Nb5 Bd7 17. Nc7 Rc8 18. Bb6 axb4 19. Qxb4 Be8 20. O-O Nd7 21.
Nxe8 Qxb6 22. Qxb6 Nxb6 23. Rxc8 Nxc8 24. Nxg7 Kxg7 25. Rb1 b6 26. Ba6 f5 27.
exf5 gxf5 28. f4 Kf6 29. Kf2 e5 30. Bxc8 Rxc8 31. Rxb6 exf4 32. Rxd6+ Ke5 33.
Rc6 Rb8 34. Rc2 Kxd5 35. a5 Ra8 36. Ra2 Ra6 37. Kf3 Ke5 38. Ra4 h6 39. Ra3 h5
40. Ra4 h4 41. h3 Rg6 42. a6 Rg3+ 43. Kf2 f3 44. a7 fxg2 45. Kg1 0-1

[Event "SR 2. liga A 2004/2005"]
[Site "?"]
[Date "2005.02.06"]
[Round "9.4"]
[White "Sarmir, Milos"]
[Black "Kovarik, Oto"]
[Result "0-1"]
[WhiteElo "2151"]
[BlackElo "2100"]
[PlyCount "118"]
[EventDate "2004.??.??"]

1. e4 c5 2. Nf3 d6 3. d4 cxd4 4. Nxd4 Nc6 5. Nc3 Nf6 6. Be2 a6 7. a4 g6 8. Be3
Bg7 9. O-O O-O 10. f4 Qc7 11. Qd2 Nxd4 12. Bxd4 Be6 13. Qe3 Nd7 14. Bxg7 Kxg7
15. Qd4+ f6 16. Kh1 Rac8 17. f5 Bf7 18. Rf3 Qc5 19. Qd2 Ne5 20. Rh3 g5 21. Qd1
Rh8 22. Bh5 Bg8 23. Rc1 Qb4 24. Rb1 h6 25. Nd5 Bxd5 26. Qxd5 Qc4 27. Qxb7 Rc7
28. Qb3 Qxe4 29. Re3 Qc4 30. Rc3 Qxb3 31. cxb3 Rb7 32. Rbc1 Rhb8 33. Bd1 Nd7
34. Rc7 Nc5 35. Rxb7 Rxb7 36. Rc3 a5 37. Kg1 Kf8 38. Kf1 Ke8 39. Rh3 Rb4 40.
Ke1 Kd8 41. Kd2 Kc7 42. Rxh6 Nxb3+ 43. Bxb3 Rxb3 44. Kc2 Rb4 45. b3 Rf4 46. g3
Rxf5 47. Kc3 d5 48. Rh8 e5 49. Ra8 Rf3+ 50. Kc2 Kb6 51. Rb8+ Kc5 52. Rb5+ Kd4
53. Rxa5 Rf2+ 54. Kd1 Rxh2 55. Rb5 e4 56. a5 Ra2 57. g4 e3 58. Rb4+ Kd3 59. Ra4
Rg2 0-1

[Event "SR 2. liga A 2004/2005"]
[Site "?"]
[Date "2005.02.06"]
[Round "9.5"]
[White "Bednar, Jan"]
[Black "Gajarsky, Roman"]
[Result "1-0"]
[WhiteElo "2128"]
[BlackElo "2025"]
[PlyCount "80"]
[EventDate "2004.??.??"]

1. e4 e5 2. Nf3 Nf6 3. Nc3 d6 4. d4 exd4 5. Nxd4 Be7 6. Be3 c5 7. Bb5+ Bd7 8.
Bxd7+ Qxd7 9. Nf5 O-O 10. Bg5 h6 11. Bh4 Kh7 12. Qd3 Nc6 13. O-O-O Ne5 14. Qh3
Ng6 15. Bxf6 Bxf6 16. Rxd6 Bg5+ 17. Kb1 Qc7 18. Nd5 Qa5 19. g3 Rad8 20. Rxd8
Bxd8 21. f4 Re8 22. e5 Qd2 23. Nde3 Bb6 24. a3 Qe2 25. Rc1 Ba5 26. Ng4 Re6 27.
Nf6+ Rxf6 28. exf6 h5 29. Nxg7 Qg4 30. Qxh5+ Qxh5 31. Nxh5 Nf8 32. g4 Kg6 33.
h4 Bd2 34. f5+ Kh6 35. Rd1 Be3 36. Ng3 Bf2 37. g5+ Kh7 38. Ne4 Nd7 39. c3 Be3
40. Rd3 Bg1 1-0

[Event "SR 2. liga A 2004/2005"]
[Site "?"]
[Date "2005.02.06"]
[Round "9.5"]
[White "Farkas, Gabor"]
[Black "Djubek, Boris"]
[Result "0-1"]
[WhiteElo "2072"]
[BlackElo "2127"]
[PlyCount "62"]
[EventDate "2004.??.??"]

1. e4 e5 2. f4 exf4 3. Nf3 Ne7 4. Bc4 Ng6 5. d4 Be7 6. O-O d6 7. Nc3 Be6 8. d5
Bg4 9. Be2 Bxf3 10. Bxf3 Bf6 11. Ne2 Be5 12. Qd3 O-O 13. Qb5 b6 14. Rb1 a6 15.
Qd3 Qh4 16. h3 Nd7 17. Bg4 Nf6 18. Bf5 Nh5 19. Bd2 Ng3 20. Nxg3 Qxg3 21. Rf3
Qg5 22. Bxg6 fxg6 23. b4 Qe7 24. a4 g5 25. a5 h5 26. Rff1 g4 27. Qe2 f3 28.
gxf3 gxf3 29. Rxf3 Rxf3 30. Qxf3 Rf8 31. Qxh5 Bd4+ 0-1

[Event "SR 2. liga A 2004/2005"]
[Site "?"]
[Date "2005.02.06"]
[Round "9.5"]
[White "Kubis, Ivan"]
[Black "Rohackova, Veronika"]
[Result "1-0"]
[WhiteElo "2064"]
[BlackElo "2056"]
[PlyCount "27"]
[EventDate "2004.??.??"]

1. e4 c5 2. Nf3 Nc6 3. d4 cxd4 4. Nxd4 Nf6 5. Nc3 g6 6. Nxc6 bxc6 7. e5 Nd5 8.
Nxd5 cxd5 9. Qxd5 Rb8 10. e6 dxe6 11. Qe5 Rb4 12. Qxh8 Re4+ 13. Be3 Qa5+ 14.
Qc3 1-0

[Event "SR 2. liga A 2004/2005"]
[Site "?"]
[Date "2005.02.06"]
[Round "9.5"]
[White "Prielozny, Marek"]
[Black "Kruppa, Dominik"]
[Result "0-1"]
[WhiteElo "1990"]
[BlackElo "2029"]
[PlyCount "49"]
[EventDate "2004.??.??"]

1. d4 Nf6 2. c4 g6 3. Nc3 Bg7 4. e4 d6 5. Nf3 O-O 6. g3 Nbd7 7. Bg2 e5 8. h3 c6
9. Be3 Re8 10. O-O exd4 11. Nxd4 Nc5 12. Qc2 a5 13. b3 Qe7 14. Rfe1 Nfxe4 15.
Nxc6 bxc6 16. Bxc5 f5 17. Bxe4 fxe4 18. Rxe4 Bf5 19. Rxe7 Bxc2 20. Rxe8+ Rxe8
21. Rc1 Bxb3 22. axb3 dxc5 23. Rc2 Re1+ 24. Kg2 Ra1 25. Ra2 0-1

[Event "SR 2. liga A 2004/2005"]
[Site "?"]
[Date "2005.02.06"]
[Round "9.5"]
[White "Puchart, Vladimir"]
[Black "Kebis, Milos"]
[Result "1-0"]
[WhiteElo "2085"]
[BlackElo "2082"]
[PlyCount "101"]
[EventDate "2004.??.??"]

1. d4 Nf6 2. c4 g6 3. Nc3 Bg7 4. e4 d6 5. Bd3 O-O 6. Nge2 Nbd7 7. O-O e5 8. d5
c6 9. Kh1 cxd5 10. cxd5 Nc5 11. Bc2 Bd7 12. b4 Na6 13. a3 Nc7 14. f3 Nh5 15.
Be3 f5 16. Rc1 f4 17. Bf2 g5 18. Ba4 b5 19. Bc2 g4 20. Qe1 Bf6 21. Bd3 Kh8 22.
fxg4 Bxg4 23. Nxb5 Nxb5 24. Bxb5 f3 25. Ng1 fxg2+ 26. Kxg2 Bg5 27. Rc3 Qf6 28.
Kh1 Qh6 29. Be3 Rf4 30. Bxf4 Bxf4 31. Be2 Bxe2 32. Nxe2 Bd2 33. Qh4 Bxc3 34.
Nxc3 Rg8 35. Ne2 Qg6 36. Rg1 Qf7 37. Rxg8+ Kxg8 38. Qg4+ Kf8 39. Qc8+ Kg7 40.
Qg4+ Kh6 41. Kg2 Nf6 42. Qf5 Kg7 43. Ng3 Qc7 44. h4 Qc2+ 45. Qf2 Qb1 46. Qxa7+
Kf8 47. Qf2 Ke7 48. Nf5+ Kd8 49. Qb6+ Ke8 50. Qb8+ Kf7 51. Qc7+ 1-0

[Event "SR 2. liga A 2004/2005"]
[Site "?"]
[Date "2005.02.06"]
[Round "9.5"]
[White "Syrovy, Ivan"]
[Black "Farkas, Vladimir"]
[Result "1-0"]
[WhiteElo "2073"]
[BlackElo "2069"]
[PlyCount "53"]
[EventDate "2004.??.??"]

1. e4 d6 2. d4 g6 3. f4 Bg7 4. Nf3 c5 5. Be3 cxd4 6. Bxd4 Nf6 7. Bd3 Nc6 8. Bc3
O-O 9. O-O Qc7 10. Nbd2 e5 11. fxe5 Ng4 12. exd6 Qb6+ 13. Kh1 Bxc3 14. bxc3
Nf2+ 15. Rxf2 Qxf2 16. e5 Bg4 17. Qe1 Qxe1+ 18. Rxe1 Kg7 19. h3 Be6 20. Bc4 Nd8
21. Bxe6 Nxe6 22. Ne4 h6 23. Nd4 Rac8 24. d7 Rc7 25. Nf6 Rd8 26. Nxe6+ fxe6 27.
Ne8+ 1-0

[Event "SR 2. liga A 2004/2005"]
[Site "?"]
[Date "2005.02.06"]
[Round "9.6"]
[White "Deak, Gabriel"]
[Black "Bednar, Miroslav"]
[Result "0-1"]
[WhiteElo "2052"]
[BlackElo "2066"]
[PlyCount "76"]
[EventDate "2004.??.??"]

1. d4 d5 2. Nf3 Nf6 3. Bg5 e6 4. e3 Be7 5. Bd3 Nbd7 6. Nbd2 a6 7. c3 c5 8. Ne5
Nxe5 9. dxe5 Nd7 10. Bf4 b5 11. O-O O-O 12. a4 c4 13. Bc2 bxa4 14. Qg4 f5 15.
Qh3 Rf7 16. g4 Nc5 17. Nf3 Ne4 18. gxf5 exf5 19. Nd4 Qf8 20. Bxa4 Ra7 21. Bc2
Bc5 22. f3 Bxd4 23. exd4 g5 24. fxe4 fxe4 25. e6 Rxf4 26. Rxf4 gxf4 27. Kh1 Rg7
28. Qh5 Bxe6 29. Rxa6 Bf7 30. Qe5 f3 31. Rf6 Qe8 32. Qf4 Rg6 33. Rf5 Qa8 34.
Qc1 Be6 35. Re5 f2 36. Rg5 f1=Q+ 37. Qxf1 Rxg5 38. Bd1 Qf8 0-1

[Event "SR 2. liga A 2004/2005"]
[Site "?"]
[Date "2005.02.06"]
[Round "9.6"]
[White "Machalova, Erika"]
[Black "Pribila, Michal"]
[Result "1-0"]
[WhiteElo "2064"]
[BlackElo "2032"]
[PlyCount "129"]
[EventDate "2004.??.??"]

1. d4 d5 2. c4 e6 3. Nc3 Nf6 4. Bg5 Nbd7 5. Nf3 Be7 6. e3 O-O 7. Rc1 c6 8. Bd3
Re8 9. O-O a6 10. Qc2 h6 11. Bh4 dxc4 12. Bxc4 b5 13. Be2 Bb7 14. Rfd1 Rc8 15.
Bxf6 Nxf6 16. Ne5 Qc7 17. Nd3 c5 18. dxc5 Bxc5 19. Nxb5 Qc6 20. Bf3 Qxb5 21.
Bxb7 Qxb7 22. Nxc5 Qb6 23. Qb3 Qa5 24. Nd3 Rb8 25. Rc5 Rb5 26. Rxb5 axb5 27. a3
Rb8 28. Nb4 Rc8 29. Qd3 Qb6 30. h3 Qc5 31. Qd6 Qh5 32. f3 Qg5 33. Qd2 Kh7 34.
e4 Qh5 35. Nd3 Rd8 36. Qc2 g6 37. Rc1 Qg5 38. Rd1 Nh5 39. Qe2 Ng3 40. Qd2 Qf6
41. Qe3 Nh5 42. Rc1 Qe7 43. Ne5 Qf6 44. Nd3 Qe7 45. Nf2 Nf6 46. Qc5 Qxc5 47.
Rxc5 Rb8 48. Nd3 Rb7 49. Kf2 Kg7 50. Ke3 Nd7 51. Rc3 Nb6 52. Ke2 Kf8 53. Nc5
Ra7 54. Rb3 Ra5 55. Nb7 Ra7 56. Nd6 Rd7 57. Nxb5 Nc4 58. Rd3 Rb7 59. b3 Ne5 60.
Nd6 Ra7 61. Rc3 Rxa3 62. f4 Nd7 63. Rc7 Ke7 64. Nxf7 Rxb3 65. Ne5 1-0

[Event "SR 2. liga A 2004/2005"]
[Site "?"]
[Date "2005.02.06"]
[Round "9.6"]
[White "Pericka, Tomas"]
[Black "Priam, Stefan"]
[Result "0-1"]
[WhiteElo "1930"]
[BlackElo "1802"]
[PlyCount "129"]
[EventDate "2004.??.??"]

1. e4 e6 2. d4 d5 3. Nd2 c5 4. c3 dxe4 5. Nxe4 cxd4 6. cxd4 Nc6 7. Nf3 Bb4+ 8.
Bd2 Bxd2+ 9. Qxd2 Nge7 10. Bc4 O-O 11. O-O a6 12. a3 b6 13. Rac1 Bb7 14. Qd3 h6
15. Rfe1 Nd5 16. Ba2 Nce7 17. Bb1 Ng6 18. g3 Nf6 19. Nfd2 Rb8 20. h4 Nxe4 21.
Nxe4 Qd5 22. f3 Rfd8 23. Rcd1 f5 24. Nc3 Qd6 25. Kf2 Rd7 26. Ba2 Re7 27. Qxf5
Rf8 28. Rxe6 Rxf5 29. Rxd6+ Kh7 30. d5 Rf6 31. Rxf6 gxf6 32. d6 Rd7 33. Bb1 Kg7
34. Bf5 Rd8 35. h5 Ne5 36. f4 Nc4 37. d7 Kf7 38. Re1 Nd6 39. Bg6+ Kf8 40. Rd1
Ke7 41. Na4 Rxd7 42. Nxb6 Ne4+ 43. Bxe4 Rxd1 44. Bxb7 Rd2+ 45. Kf3 Rxb2 46.
Nd5+ Kd6 47. Bxa6 Kxd5 48. a4 Rb3+ 49. Kg4 Rb4 50. Bb5 Ke6 51. Be8 f5+ 52. Kh3
Kd5 53. a5 Rb1 54. Bd7 Ke4 55. a6 Ra1 56. Bc8 Kf3 57. Kh2 Kg4 58. Kg2 Ra2+ 59.
Kf1 Kxg3 60. Bxf5 Rxa6 61. Bg6 Kxf4 62. Ke2 Ra2+ 63. Kd3 Rg2 64. Be8 Rg3+ 65.
Ke2 0-1

[Event "SR 2. liga A 2004/2005"]
[Site "?"]
[Date "2005.02.06"]
[Round "9.6"]
[White "Povysil, Peter"]
[Black "Mosny, Jaroslav"]
[Result "1/2-1/2"]
[WhiteElo "2068"]
[BlackElo "2043"]
[PlyCount "72"]
[EventDate "2004.??.??"]

1. Nf3 d5 2. e3 Nf6 3. Be2 e6 4. O-O Bd6 5. d4 O-O 6. c4 dxc4 7. Bxc4 c5 8. Nc3
Nc6 9. a3 a6 10. dxc5 Bxc5 11. b4 Qxd1 12. Rxd1 Be7 13. Bb2 b5 14. Bb3 h6 15.
e4 Rd8 16. Rxd8+ Bxd8 17. e5 Ne8 18. Ne4 Bb6 19. Rd1 a5 20. Nd6 Nxd6 21. Rxd6
Bb7 22. bxa5 Bxa5 23. Nd4 Nxd4 24. Rxd4 Rd8 25. Kf1 Rxd4 26. Bxd4 Kf8 27. f4
Ke8 28. g3 Kd7 29. Ke2 g6 30. Ke3 h5 31. Bd1 Bg2 32. g4 hxg4 33. Bxg4 Bd8 34.
Be2 Kc6 35. Bc3 Bh4 36. Bb4 Bd5 1/2-1/2

[Event "SR 2. liga A 2004/2005"]
[Site "?"]
[Date "2005.02.06"]
[Round "9.6"]
[White "Slamena, Michal"]
[Black "Stefan, Oldrich"]
[Result "1-0"]
[WhiteElo "2089"]
[BlackElo "2085"]
[PlyCount "103"]
[EventDate "2004.??.??"]

1. e4 c5 2. Nf3 Nc6 3. Nc3 d6 4. Bb5 e6 5. O-O Nge7 6. d4 cxd4 7. Nxd4 Bd7 8.
Bxc6 Bxc6 9. Bg5 Qd7 10. a4 h6 11. Bh4 d5 12. Bg3 a6 13. Ncb5 Bxb5 14. axb5 Ng6
15. Qf3 Bc5 16. exd5 O-O 17. Nb3 Be7 18. bxa6 Rxa6 19. Rxa6 bxa6 20. dxe6 Qxe6
21. Qb7 Bf6 22. c3 Be5 23. Nc5 Qd6 24. Nxa6 Nf4 25. Qf3 Qxa6 26. Bxf4 Bxf4 27.
Qxf4 Qe2 28. b4 Rc8 29. Rc1 Rxc3 30. h3 Rxc1+ 31. Qxc1 Qb5 32. Qc8+ Kh7 33. Qc5
Qa4 34. b5 Qa5 35. g3 f6 36. Qc6 Kg6 37. b6 Qa6 38. g4 h5 39. Qe4+ Kf7 40. b7
Qb6 41. gxh5 Kf8 42. Qd5 Qb1+ 43. Kh2 Qb6 44. Kg3 Qc7+ 45. Kg4 Qb6 46. f4 Qb2
47. Qd8+ Kf7 48. Qc7+ Ke6 49. f5+ Kd5 50. b8=Q Qe2+ 51. Kh4 g5+ 52. hxg6 1-0

[Event "SR 2. liga A 2004/2005"]
[Site "?"]
[Date "2005.02.06"]
[Round "9.6"]
[White "Zamecnik, Frantisek"]
[Black "Varga, David"]
[Result "1/2-1/2"]
[WhiteElo "2102"]
[BlackElo "2044"]
[PlyCount "42"]
[EventDate "2004.??.??"]

1. d4 Nf6 2. c4 g6 3. Nc3 Bg7 4. Nf3 O-O 5. e4 d6 6. Be2 Nbd7 7. O-O e5 8. dxe5
Nxe5 9. Nxe5 dxe5 10. Qc2 c6 11. Be3 Qe7 12. a3 Ng4 13. Bxg4 Bxg4 14. b4 Rfd8
15. c5 Rd7 16. b5 Rad8 17. Qa4 Rd3 18. Rfc1 Qd7 19. bxc6 bxc6 20. Rab1 h6 21.
Qa6 Be2 1/2-1/2

[Event "SR 2. liga A 2004/2005"]
[Site "?"]
[Date "2005.02.06"]
[Round "9.7"]
[White "Ac, Alexander"]
[Black "Polasek, Filip"]
[Result "1/2-1/2"]
[WhiteElo "2088"]
[BlackElo "2018"]
[PlyCount "72"]
[EventDate "2004.??.??"]

1. e4 e5 2. Nf3 Nc6 3. Bb5 a6 4. Bxc6 dxc6 5. O-O Bg4 6. h3 Bxf3 7. Qxf3 Qf6 8.
Qxf6 Nxf6 9. d3 O-O-O 10. Nc3 h6 11. Be3 g5 12. g4 Ne8 13. Ne2 f6 14. Ng3 Ng7
15. Kg2 Bd6 16. Rh1 h5 17. h4 gxh4 18. Rxh4 hxg4 19. Rah1 Rhg8 20. Rxg4 f5 21.
exf5 Nxf5 22. Rxg8 Rxg8 23. Kf3 Nxg3 24. fxg3 e4+ 25. dxe4 Rxg3+ 26. Kf2 Rg4
27. Kf3 Rg3+ 28. Ke2 Rg2+ 29. Kd3 Rg3 30. Re1 Bf4 31. Kd2 Be5 32. c3 Kd7 33.
Rf1 Ke6 34. Rf2 b6 35. Ke2 Rg4 36. Kf3 Rg3+ 1/2-1/2

[Event "SR 2. liga A 2004/2005"]
[Site "?"]
[Date "2005.02.06"]
[Round "9.7"]
[White "Bilovsky, Milan"]
[Black "Kleman, Miroslav"]
[Result "0-1"]
[WhiteElo "1875"]
[BlackElo "2142"]
[PlyCount "106"]
[EventDate "2004.??.??"]

1. c4 c6 2. d4 d5 3. e3 Nf6 4. Nc3 a6 5. Bd2 Bf5 6. c5 Nbd7 7. Nf3 g6 8. b4 Bg7
9. Nh4 Bg4 10. f3 Be6 11. f4 Bg4 12. Nf3 Ne4 13. Be2 Nxd2 14. Qxd2 O-O 15. O-O
f6 16. h3 Bxf3 17. Bxf3 e5 18. Nxd5 cxd5 19. Bxd5+ Kh8 20. Bxb7 Ra7 21. c6 exf4
22. exf4 Nb6 23. Rac1 f5 24. Rfd1 Nd5 25. Rc5 Qd6 26. g3 Re8 27. Kh2 Qe6 28. c7
Rxb7 29. Re1 Nxc7 30. Rxe6 Nxe6 31. Rd5 Rbe7 32. Kg1 Nc7 33. Rd6 Nb5 34. Rxa6
Nxd4 35. Kf1 Nf3 36. Qd3 Nd4 37. Kg2 Re2+ 38. Kf1 Re1+ 39. Kf2 R8e2+ 40. Qxe2
Rxe2+ 41. Kf1 Re8 42. a4 Bf8 43. b5 Rb8 44. Ra7 Bc5 45. Rc7 Bb6 46. Rc4 Ra8 47.
Ke1 Kg7 48. g4 Kf6 49. Kd2 Ke6 50. Kd3 Kd5 51. g5 Bc5 52. Kc3 Nxb5+ 53. Kb3
Nd4+ 0-1

[Event "SR 2. liga A 2004/2005"]
[Site "?"]
[Date "2005.02.06"]
[Round "9.7"]
[White "Halasz, Michal"]
[Black "Diviak, Rastislav"]
[Result "1/2-1/2"]
[WhiteElo "1840"]
[BlackElo "1899"]
[PlyCount "107"]
[EventDate "2004.??.??"]

1. d4 Nf6 2. Nf3 g6 3. Bf4 Bg7 4. e3 d6 5. Be2 O-O 6. O-O Nbd7 7. c4 c6 8. Nc3
Re8 9. Rc1 Qa5 10. Bg3 e5 11. dxe5 dxe5 12. e4 Nh5 13. Re1 Nxg3 14. hxg3 Nf6
15. Nh2 Be6 16. Qc2 Rad8 17. Rcd1 Qc7 18. Rxd8 Rxd8 19. Rd1 Rxd1+ 20. Qxd1 Qd7
21. Qxd7 Nxd7 22. f3 Bf8 23. Nd1 Bc5+ 24. Kf1 f6 25. Ke1 Kf7 26. Nf1 Ke7 27. g4
h6 28. Kd2 Bf7 29. Nfe3 Nf8 30. Nc2 a5 31. a3 Ne6 32. b4 axb4 33. axb4 Bb6 34.
c5 Bc7 35. Nde3 b6 36. cxb6 Bxb6 37. Nc4 Ba7 38. Na5 Kd6 39. b5 cxb5 40. Bxb5
Nd4 41. Bc4 Bxc4 42. Nxc4+ Ke6 43. Nxd4+ Bxd4 44. Kd3 f5 45. gxf5+ gxf5 46.
exf5+ Kxf5 47. Nd6+ Kf4 48. Ne4 h5 49. Ke2 h4 50. Kf1 h3 51. gxh3 Kxf3 52. Nd2+
Kg3 53. h4 Kxh4 54. Nf3+ 1/2-1/2

[Event "SR 2. liga A 2004/2005"]
[Site "?"]
[Date "2005.02.06"]
[Round "9.7"]
[White "Krist, Milan"]
[Black "Bukovcak, Jaroslav"]
[Result "1-0"]
[WhiteElo "2000"]
[BlackElo "1854"]
[PlyCount "93"]
[EventDate "2004.??.??"]

1. d4 d5 2. Nf3 Nf6 3. c4 c6 4. Nc3 e6 5. Bg5 Be7 6. e3 Nbd7 7. Bd3 O-O 8. O-O
a6 9. Rc1 dxc4 10. Bxc4 b5 11. Bd3 Bb7 12. Bb1 Rc8 13. Ne4 Nxe4 14. Bxe7 Qxe7
15. Bxe4 Nf6 16. Nd2 Ba8 17. Bf3 Rc7 18. Nb3 Nd7 19. Nc5 Nxc5 20. Rxc5 Rd8 21.
Qc2 Rd6 22. Rc1 Qd7 23. h3 g6 24. h4 Qc8 25. Qe4 Rd5 26. Qf4 Rxc5 27. Rxc5 Kg7
28. h5 f6 29. Bg4 Re7 30. h6+ Kf7 31. d5 f5 32. dxe6+ Qxe6 33. Bf3 Qf6 34. Bd1
Re4 35. Qb8 Re8 36. Bb3+ Kf8 37. Qf4 Re4 38. Qc7 Qe7 39. Qc8+ Qe8 40. Rxf5+
gxf5 41. Qxf5+ Ke7 42. Qxe4+ Kd8 43. Qxe8+ Kxe8 44. Bg8 c5 45. Bxh7 Kf7 46. f3
Bd5 47. Bb1 1-0

[Event "SR 2. liga A 2004/2005"]
[Site "?"]
[Date "2005.02.06"]
[Round "9.7"]
[White "Labar, Eduard"]
[Black "Hertel, Ondrej"]
[Result "0-1"]
[WhiteElo "2068"]
[BlackElo "1911"]
[PlyCount "84"]
[EventDate "2004.??.??"]

1. d4 d5 2. Nf3 Nf6 3. c4 e6 4. Nc3 c6 5. Bg5 Nbd7 6. e3 Qa5 7. Bd3 Bb4 8. Qc2
Ne4 9. cxd5 Nxc3 10. bxc3 Bxc3+ 11. Ke2 Bxa1 12. dxe6 Bc3 13. exf7+ Kf8 14. Rc1
Bb4 15. Bc4 Nb6 16. Ne5 Nxc4 17. Qxc4 Bd6 18. Bf4 Qc7 19. f3 Bxe5 20. Bxe5 Qxf7
21. Qc5+ Ke8 22. Rc2 Be6 23. a3 Qd7 24. e4 Rc8 25. Rd2 Kf7 26. Kf2 b6 27. Qc3
Rhd8 28. Qe3 Kg8 29. Qg5 Qf7 30. h4 Qg6 31. Qe3 b5 32. f4 Qg4 33. g3 Bc4 34. f5
a5 35. Kg1 b4 36. axb4 axb4 37. Rf2 Ra8 38. Kh2 Ra3 39. Qc1 Rc3 40. Qd2 Qxe4
41. f6 gxf6 42. Rxf6 Rc2 0-1

[Event "SR 2. liga A 2004/2005"]
[Site "?"]
[Date "2005.02.06"]
[Round "9.7"]
[White "Puobis, Jozef"]
[Black "Isa, Vlastimil"]
[Result "1/2-1/2"]
[WhiteElo "2061"]
[BlackElo "1986"]
[PlyCount "48"]
[EventDate "2004.??.??"]

1. e4 c5 2. Nf3 Nc6 3. Nc3 e6 4. Bb5 Nge7 5. O-O a6 6. Bxc6 Nxc6 7. Re1 Be7 8.
d3 O-O 9. b3 d6 10. Ne2 Bf6 11. Rb1 b5 12. c3 Bb7 13. Qc2 Rc8 14. Ng3 g6 15.
Bh6 Bg7 16. Qd2 Qf6 17. d4 Bxh6 18. Qxh6 cxd4 19. Nh5 Qh8 20. Qg5 f6 21. Qg4 f5
22. exf5 exf5 23. Qg3 Rce8 24. Nh4 Kf7 1/2-1/2

[Event "SR 2. liga A 2004/2005"]
[Site "?"]
[Date "2005.02.06"]
[Round "9.8"]
[White "Cisar, Marian"]
[Black "Sevcik, Marek"]
[Result "0-1"]
[WhiteElo "1620"]
[BlackElo "1961"]
[PlyCount "48"]
[EventDate "2004.??.??"]

1. e4 Nc6 2. d4 e5 3. Nf3 exd4 4. Nxd4 Qf6 5. Nxc6 Bc5 6. Qd2 dxc6 7. Bd3 h6 8.
O-O Be6 9. Kh1 O-O-O 10. Qe2 g5 11. c3 Kb8 12. e5 Qg7 13. b4 Bb6 14. a4 a5 15.
b5 Ne7 16. f4 Bf5 17. Bc4 Qg6 18. Nd2 Nd5 19. bxc6 Nxf4 20. Qf3 Rxd2 21. Bxd2
Be4 22. Qg3 Bxg2+ 23. Qxg2 Nxg2 24. Kxg2 Qxc6+ 0-1

[Event "SR 2. liga A 2004/2005"]
[Site "?"]
[Date "2005.02.06"]
[Round "9.8"]
[White "Kassovic, Jaroslav"]
[Black "Fratric, Igor"]
[Result "0-1"]
[WhiteElo "1955"]
[BlackElo "1980"]
[PlyCount "90"]
[EventDate "2004.??.??"]

1. c4 c6 2. d4 d5 3. e3 a6 4. a3 Nf6 5. Nf3 e6 6. c5 Nbd7 7. Bd3 Qc7 8. Qc2 e5
9. dxe5 Nxe5 10. Nxe5 Qxe5 11. Nd2 d4 12. Nf3 Qxc5 13. Qxc5 Bxc5 14. exd4 Bb6
15. h3 Be6 16. Be3 Rd8 17. O-O O-O 18. Rfd1 Bb3 19. Rdc1 Rfe8 20. Bc4 Bxc4 21.
Rxc4 Nd5 22. Rd1 Rxe3 23. fxe3 Nxe3 24. Rdc1 Nxc4 25. Rxc4 Rd5 26. Kf1 f6 27.
Ke2 h5 28. Kd3 Kf7 29. b4 g5 30. Nd2 Kg6 31. Nb3 Kf5 32. Ke3 Rd7 33. Nd2 Re7+
34. Kf2 g4 35. hxg4+ hxg4 36. g3 Kg5 37. a4 f5 38. Nb3 f4 39. Nc5 f3 40. Nd3
Re2+ 41. Kf1 Bc7 42. d5 Bxg3 43. dxc6 bxc6 44. Rxc6 Rd2 45. Ne1 Rh2 0-1

[Event "SR 2. liga A 2004/2005"]
[Site "?"]
[Date "2005.02.06"]
[Round "9.8"]
[White "Soltes, Milan"]
[Black "Vyboch, Jozef"]
[Result "0-1"]
[WhiteElo "1654"]
[BlackElo "1983"]
[PlyCount "48"]
[EventDate "2004.??.??"]

1. c4 g6 2. d4 Bg7 3. Nf3 d6 4. e4 Nf6 5. Nc3 O-O 6. Be2 e5 7. d5 Nbd7 8. O-O
a5 9. Qc2 Nc5 10. Be3 Nh5 11. g3 Bh3 12. Rfe1 h6 13. Nd2 Nd7 14. Bxh5 gxh5 15.
Nf3 f5 16. Kh1 f4 17. gxf4 exf4 18. Bd4 Bg4 19. Kg2 Bxf3+ 20. Kxf3 Bxd4 21.
Rg1+ Kh8 22. e5 Nxe5+ 23. Ke2 Qh4 24. Rg2 f3+ 0-1